000 00944naa a2200217 i 4500
001 BPP
003 BPK
005 20180217130842.0
008 140604s1981 pl f |100 0 pol
040 _cBPK
080 _a621.9
100 _aPLUTA, Zdzisław.
_d1973 - 1996.
_bWyższa Szkoła Inżynierska w Koszalinie - Instytut Budowy Maszyn,
_cZakład Obrabiarek i Obróbki Skrawaniem
245 _aEfektywna metoda badania zdolności skrawnej ziaren ściernych /
_cZdzisław Pluta.
260 _c1981.
500 _aDane z bibliografii załącznikowej.
650 0 _aSzlifowanie - narzędzia i maszyny.
655 0 _aMateriały konferencyjne.
773 _iW :
_tMateriały IV Konferencji Naukowo-Technicznej nt. Obróbka ścierna. Obrabiarki i narzędzia. -
_gs. 190-193
_dŁódź, 1981. -
711 _aKonferencja Naukowo-Techniczna nt. Obróbka ścierna : Technologia
_n(4 ;
_d1981.05 ;
_cŁódź, Polska).
942 _cART
_2UKD
999 _c1069
_d1069